[Event "6th Open"]
[Site "La Fere FRA"]
[Date "2007.07.08"]
[Round "2"]
[White "Casier,F"]
[Black "Jimenez,Martin"]
[Result "1-0"]
[WhiteElo "1878"]
[BlackElo "1720"]


1.c4 b6 2.e4 Bb7 3.Nc3 e6 4.Qb3 c5 5.Be2 Nc6 6.Nf3 d6 7.O-O Nf6 8.d3 Be7
9.h3 O-O 10.Be3 e5 11.Nd2 Nd4 12.Qd1 Nxe2+ 13.Nxe2 Nd7 14.f4 exf4 15.Bxf4 f5
16.Ng3 fxe4 17.Ndxe4 d5 18.Nd6 Bxd6 19.Bxd6 Rxf1+ 20.Qxf1 dxc4 21.dxc4 Nf6
22.Be5 Kf7 23.Rd1 Qe7 24.Qf5 Bc8 25.Qf4 Kg8 26.Bxf6 Qxf6 27.Qxf6 gxf6 28.Rd8+ Kf7
29.Nf5 Bb7 30.Rd7+ Ke6 31.Rxb7 Kxf5 32.Rxh7 Ke4 33.Rd7 Kf5 34.Kf2 Kg5 35.Kf3 f5
36.g3 Kf6 37.Kf4 Ke6 38.Rd5 Rh8 39.h4 Rh5 40.Rd8 Rh7 41.Rf8 Rh5 42.Rg8 Kf6
43.Rg5 Rxg5 44.hxg5+ Kg6 45.a4 a6 46.b3 a5 47.g4 fxg4 48.Kxg4 Kg7 49.Kf5  1-0

[Event "Middlesex vs Young England"]
[Site "London ENG"]
[Date "2007.07.09"]
[Round "1"]
[White "Winkelmann,E"]
[Black "Constantinou,P"]
[Result "1/2-1/2"]
[WhiteElo "2162"]
[BlackElo "2173"]

1.c4 b6 2.d4 Bb7 3.Nc3 e6 4.e4 g6 5.Be3 Bg7 6.Qd2 d6 7.f3 Nd7 8.Nge2 a6 9.h4 h6
10.h5 g5 11.Ng3 Qe7 12.Be2 c5 13.d5 Ne5 14.O-O-O O-O-O 15.a4 Qc7 16.Kc2 Ne7
17.Nf1 exd5 18.cxd5 f5 19.g3 Kb8 20.Rg1 g4 21.f4 Nf3 22.Bxf3 gxf3 23.exf5 Qd7
24.g4 Bxc3 25.Qxc3 Nxd5 26.Rxd5 Qxa4+ 27.b3 Qa2+ 28.Qb2 Qxb2+ 29.Kxb2 Bxd5
30.Ng3 Rde8 31.Bd2 Bf7 32.Rf1 Reg8 33.g5 hxg5 34.fxg5 Bxh5 35.f6 Bf7 36.Nf5 Rh2
37.Kc3 Be6 38.Rxf3 b5 39.Nh6 b4+ 40.Kd3 Rxd2+  1/2-1/2

[Event "FSIMA July"]
[Site "Budapest HUN"]
[Date "2007.07.12"]
[Round "6"]
[White "Dubreuil,J"]
[Black "Hujbert,F"]
[Result "0-1"]
[WhiteElo "2304"]
[BlackElo "2262"]

1.c4 b6 2.d4 e6 3.Nc3 Bb4 4.e3 Bb7 5.Ne2 f5 6.a3 Bxc3+ 7.Nxc3 Nf6 8.f3 O-O
9.Bd3 a5 10.O-O Na6 11.e4 fxe4 12.fxe4 d6 13.Bg5 e5 14.d5 Qe7 15.Rb1 Rf7
16.b4 axb4 17.axb4 Raf8 18.Qe2 Nb8 19.Ra1 Bc8 20.h3 h6 21.Be3 c5 22.Rfb1 Na6
23.Na2 Nh7 24.bxc5 bxc5 25.Rb6 Ng5 26.Qh5 Nxh3+ 27.gxh3 Rf3 28.Bf1 Rxe3 29.Bg2 Ra3
30.Kh2 Qf6 31.Rb2 Qf4+ 32.Kh1 g6 33.Qd1 Bxh3 34.Qg1 Bxg2+ 35.Rxg2 Qh4+  0-1

[Event "ch-SCO"]
[Site "Cumbernauld SCO"]
[Date "2007.07.14"]
[Round "8"]
[White "Grant,A"]
[Black "Stevenson,J"]
[Result "1-0"]
[WhiteElo "2221"]
[BlackElo "2078"]

1.c4 b6 2.Nf3 Bb7 3.e3 e6 4.b3 Nf6 5.Bb2 Be7 6.Be2 O-O 7.Qc2 c5 8.O-O Nc6
9.a3 d5 10.cxd5 Nxd5 11.d3 Rc8 12.Nbd2 Bf6 13.Rfb1 Qe7 14.Bxf6 Qxf6 15.Bf1 Ne5
16.Nxe5 Qxe5 17.Qb2 Qxb2 18.Rxb2 Nf6 19.b4 Rfd8 20.b5 Kf8 21.a4 Ke7 22.a5 Ra8
23.Rba2 Nd7 24.axb6 axb6 25.Ra7 Rxa7 26.Rxa7 Rb8 27.g3 e5 28.Nc4 f6 29.Bh3 Bc8
30.e4 g5 31.Bf5 h6 32.h4 Rb7 33.Ra8 Rc7 34.Ne3 Bb7 35.Rh8 Nf8 36.Rxh6 gxh4
37.Rxh4 Ba8 38.Nc4 Ra7 39.Nxb6 Bb7 40.Rg4 Kf7 41.Nc4 Ra1+ 42.Kg2 Ba8 43.b6 Rb1
44.Bc8 Bc6 45.Rh4 Ke7 46.Rh1 Rxh1 47.Kxh1 Kd8 48.Bf5 Nd7 49.Bxd7 Bxd7 50.Kg2 Ba4
51.Kf3 Bb5 52.Ke2 Kd7 53.Kd2 Kc6 54.Kc3 Ba4 55.Ne3 Kxb6 56.Nd5+ Kc6 57.Nxf6 Bd1
58.Nd5 Bf3 59.Kc4 Kd6 60.Ne3 Be2 61.f4 exf4 62.gxf4 Bd1 63.e5+ Kc6 64.f5 Bf3
65.f6 Bh5 66.e6 Kd6 67.f7  1-0

[Event "XII Open"]
[Site "Balaguer ESP"]
[Date "2007.07.17"]
[Round "2"]
[White "Oussama,O"]
[Black "Delchev,A"]
[Result "0-1"]
[WhiteElo "2330"]
[BlackElo "2591"]

1.c4 b6 2.e4 Bb7 3.Nc3 e6 4.g3 f5 5.Bg2 Nf6 6.d3 fxe4 7.Nge2 Bc5 8.O-O O-O
9.d4 Be7 10.d5 exd5 11.cxd5 Na6 12.Nf4 Bd6 13.Nh5 Nc5 14.Bg5 Be5 15.Nxe4 Ncxe4
16.Bxe4 Bxb2 17.Qb3 Bxa1 18.d6+ Kh8 19.Bxb7 Rb8 20.Rxa1 Rxb7 21.Qf3 Nxh5
22.dxc7 Qc8 23.Qxh5 Rxc7 24.Re1 Rc5 25.Re7 Rcf5  0-1

[Event "22nd North Sea Cup"]
[Site "Esbjerg DEN"]
[Date "2007.07.19"]
[Round "9"]
[White "Carlstedt,J"]
[Black "Tonndorf,M"]
[Result "1/2-1/2"]
[WhiteElo "2083"]
[BlackElo "2237"]

1.c4 b6 2.Nc3 c5 3.Nf3 Bb7 4.g3 Bxf3 5.exf3 Nc6 6.Bg2 g6 7.O-O Bg7 8.Re1 e6
9.Ne4 d6 10.f4 Nge7 11.d3 O-O 12.Rb1 Qd7 13.Bd2 d5 14.Ng5 Rad8 15.Be3 dxc4
16.dxc4 Qxd1 17.Rexd1 Rxd1+ 18.Rxd1 Bxb2 19.Rd7 h6 20.Ne4 Rd8 21.Rc7 Rd1+
22.Bf1 f5 23.Nd2 Kf8 24.Kg2 Ke8 25.Be2 Rxd2 26.Bxd2 Kd8 27.Rb7 Kc8 28.Rxe7 Nxe7
29.h4 h5 30.Bd1 Kd8 31.Ba4 Nc8 32.Be3 Nd6 33.Bb3 Ke7 34.Kf3 a6 35.a4 Nb7
36.Ke2 Na5 37.Ba2 Nc6 38.Bd2 Kd6 39.Kd3 Bd4 40.Ke2 Bf6 41.Kd3 Na7 42.Be3 Nc6
43.Bd2 e5 44.fxe5+ Bxe5 45.Bb1 Ke6 46.Be1 Bd4 47.Ke2 Kf6 48.Bd2 Na7 49.Bg5+ Ke6
50.Bd3 Be5 51.Bd8 Nc8 52.Bg5 Bc7 53.Bd2 Nd6 54.Bf4 Ne8 55.Bg5 Kf7 56.Ke3 Ng7
57.Bf1 Ne6 58.Bg2 Bd8 59.Bf4 g5 60.hxg5 Bxg5 61.Bxg5 Nxg5 62.Bb7 a5 63.f3 Ke7
64.Bc8 Kf6 65.Kf4 Nh3+ 66.Ke3 h4 67.gxh4 Ke5 68.Bd7 Nf4 69.Be8 Ng2+ 70.Kf2 Nf4
71.h5  1/2-1/2

[Event "Synthesia Rapid Open"]
[Site "Pardubice CZE"]
[Date "2007.07.19"]
[Round "7"]
[White "Schlosser,P"]
[Black "Blatny,P"]
[Result "1-0"]
[WhiteElo "2562"]
[BlackElo "2447"]

1.c4 b6 2.d4 e6 3.e4 Bb7 4.Bd3 g6 5.Nc3 Bg7 6.Be3 d6 7.f4 Ne7 8.Nf3 Nd7 9.Qd2 a6
10.O-O-O b5 11.Kb1 bxc4 12.Bxc4 d5 13.exd5 Nb6 14.Bb3 Nexd5 15.h4 h5 16.Ne5 a5
17.a3 O-O 18.Rhg1 a4 19.Ba2 Nxe3 20.Qxe3 Nd5 21.Bxd5 Bxd5 22.g4 hxg4 23.Rxg4 Rb8
24.h5 Rb3 25.hxg6 f6 26.Qh3 Re8 27.Rh4 Re7 28.Nf7 Rxf7 29.gxf7+ Kxf7 30.f5 Qb8
31.Rd2 exf5 32.Qxf5 Be6 33.Qh5+ Kf8 34.Qc5+ Kf7 35.Rg2 Qc8 36.Ka1 Bf5 37.Rxg7+ Kxg7
38.Qe7+ Kg8 39.Qxf6 Bh7 40.Nd5  1-0

[Event "Czech Open GMA"]
[Site "Pardubice CZE"]
[Date "2007.07.21"]
[Round "2"]
[White "Andrzejewska,E"]
[Black "Janturin,A"]
[Result "1/2-1/2"]
[WhiteElo "2197"]
[BlackElo "2435"]

1.c4 b6 2.Nc3 e6 3.a3 f5 4.d4 Bb7 5.Nh3 Nf6 6.f3 a5 7.e3 Na6 8.Be2 Bd6 9.O-O O-O
10.Nb5 Be7 11.b3 d6 12.Bb2 Qe8 13.Qc2 h6 14.Rad1 g6 15.Nf2 Rd8 16.e4 fxe4
17.Nxe4 Nxe4 18.fxe4 Kh7 19.Bg4 Bg5 20.Bc1 Qe7 21.Nc3 Bf6 22.Bf3 e5 23.d5 Bc8
24.Qd2 Bg5 25.Qb2 Nc5 26.b4 Bxc1 27.Qxc1 Nb3 28.Qe3 Nd4 29.bxa5 bxa5 30.Nb5 Nxf3+
31.Rxf3 Rxf3 32.Qxf3 Rf8 33.Qe3 Rf4 34.Rf1 g5 35.Rxf4 exf4 36.Qa7 Qxe4 37.Qxc7+ Kg6
38.Qxd6+ Kh5 39.h3 Qe1+ 40.Kh2 Qg3+ 41.Kh1 Qe1+ 42.Kh2 Qf2 43.Qe5 Bxh3 44.Qe8+ Kh4
45.Qe4 Bg4 46.Nd4 Qg3+ 47.Kg1 Qc3 48.Kh2 Qg3+ 49.Kg1 Qc3  1/2-1/2

[Event "Open NK"]
[Site "Dieren NED"]
[Date "2007.07.25"]
[Round "2"]
[White "Van der Elburg,F"]
[Black "Kabanof,N"]
[Result "1-0"]
[WhiteElo "2339"]
[BlackElo "2282"]

1.c4 b6 2.Nc3 Bb7 3.d4 Nf6 4.d5 g6 5.e4 d6 6.Be2 Bg7 7.h4 h5 8.Bg5 Nbd7 9.Qd2 Nc5
10.f3 Qd7 11.Nh3 a5 12.Nf2 Ba6 13.O-O O-O 14.Rfe1 Kh7 15.Bf1 Ng8 16.Rac1 e5
17.dxe6 fxe6 18.f4 Rf7 19.g3 Raf8 20.b3 Bb7 21.Bh3 Qc6 22.Qd1 Bc8 23.Nb5 Bd7
24.e5 dxe5 25.Bg2 e4 26.a3 e5 27.b4 axb4 28.axb4 exf4 29.gxf4 Rxf4 30.Bxf4 Rxf4
31.bxc5 Qxc5 32.Qd2 Rf7 33.Rc2 Bc6 34.Qe3 Qb4 35.Bxe4 Re7 36.Rce2 Bxb5 37.cxb5 Bd4
38.Qg5 Kh8 39.Bxg6 Bxf2+ 40.Kxf2 Qd4+ 41.Kg2 Rxe2+ 42.Rxe2  1-0

[Event "Open NK"]
[Site "Dieren NED"]
[Date "2007.07.28"]
[Round "5"]
[White "Hofland,L"]
[Black "Haast,M"]
[Result "1-0"]
[WhiteElo "2269"]
[BlackElo "2028"]

1.c4 b6 2.d4 Nf6 3.Nf3 Bb7 4.g3 e5 5.dxe5 Ng4 6.Bg2 Bb4+ 7.Nbd2 Nxe5 8.O-O Nxf3+
9.Nxf3 O-O 10.Qd3 f5 11.Ng5 Bxg2 12.Kxg2 c6 13.c5 Bxc5 14.Qb3+ d5 15.Ne6 Qd7
16.Nxf8 Bxf8 17.Be3 Na6 18.Qa4 Qb7 19.Kg1 Nc7 20.Rac1 Nb5 21.Qc2 Rc8 22.Qxf5 Nd6
23.Qd3 Qd7 24.Kg2 Be7 25.f3 Re8 26.Bf4 Nf7 27.h4 Bf6 28.e4 d4 29.b4 Kh8 30.Rfd1 Rc8
31.e5 Nxe5 32.Qxd4 Qxd4 33.Rxd4 Nxf3 34.Rd7 Nd4 35.Bg5 Be5 36.Re1  1-0

[Event "Open Women Bulgarian Ch"]
[Site "Vratsa BUL"]
[Date "2007.07.31"]
[Round "9"]
[White "Chilingirova,P"]
[Black "Videnova,I"]
[Result "1-0"]
[WhiteElo "2189"]
[BlackElo "2155"]

1.c4 b6 2.d4 e6 3.a3 Bb7 4.Nc3 f5 5.Nf3 Nf6 6.d5 Bd6 7.g3 O-O 8.Bg2 e5 9.Nb5 Ba6
10.Nxd6 cxd6 11.b3 b5 12.cxb5 Qa5+ 13.Nd2 Qxb5 14.Nc4 e4 15.Nxd6 Qc5 16.Nxf5 Ng4
17.Qd4 Qxd4 18.Nxd4 Bb7 19.O-O Bxd5 20.f3 exf3 21.exf3 Nf6 22.Bb2 Nc6 23.Nxc6 dxc6
24.b4 Nd7 25.f4 Nb6 26.Bd4 Bxg2 27.Kxg2 Rfd8 28.Rfd1 Nc4 29.a4 a5 30.Rac1 Na3
31.bxa5 Rxa5 32.Be5 Rxd1 33.Rxd1 Nc4 34.Rd8+ Kf7 35.Rd7+ Ke6 36.Rxg7 Nxe5
37.fxe5 Rxa4 38.Rxh7 Kxe5 39.h4 c5 40.Rc7 c4 41.h5 Kf6 42.Rc5 Ra2+ 43.Kf3 Rc2
44.Kg4 c3 45.Rc6+ Kf7 46.Kg5 Rc1 47.Rc7+ Ke6 48.h6 c2 49.g4 Kd6 50.Rc3 Ke6
51.h7 Rh1 52.Rxc2 Rxh7 53.Kg6 Rh4 54.Re2+ Kd6 55.g5 Rh1 56.Kg7 Rf1 57.g6 Rf3
58.Kg8 Rf1 59.g7 Rg1 60.Re4 Kd5 61.Rh4 Ke6 62.Kh7 Kf7 63.Rf4+ Ke7 64.g8=Q Rh1+
65.Kg7 Rg1+ 66.Kh8  1-0

[Event "Open NK"]
[Site "Dieren NED"]
[Date "2007.08.01"]
[Round "8"]
[White "Van der Elburg,F"]
[Black "Ernst,S"]
[Result "0-1"]
[WhiteElo "2339"]
[BlackElo "2555"]

1.c4 b6 2.Nc3 Bb7 3.e4 e6 4.d3 Bb4 5.Ne2 f5 6.a3 Bxc3+ 7.Nxc3 Nf6 8.exf5 exf5
9.Be2 d5 10.Bf3 Qe7+ 11.Qe2 Qxe2+ 12.Nxe2 Nbd7 13.Bf4 O-O-O 14.O-O-O dxc4
15.dxc4 Bxf3 16.gxf3 Nc5 17.Kc2 Ne6 18.Be5 Rxd1 19.Rxd1 Nd7 20.Bc3 Re8 21.h4 g6
22.b4 a6 23.h5 Nd8 24.Nf4 g5 25.Nd5 Re6 26.f4 gxf4 27.Nxf4 Re4 28.Rd4 Re8
29.Rd5 Rf8 30.Bd4 Rf7 31.Kc3 Nb7 32.Be3 Nd6 33.Kd3 Nf6 34.Re5 Rd7 35.Nd5 Nxh5
36.Bxb6 c6 37.Ne7+ Kb7 38.Bd4 Nf4+ 39.Kc3 Ne4+  0-1

[Event "12th Open"]
[Site "Creon FRA"]
[Date "2007.08.05"]
[Round "9"]
[White "Drochon,F"]
[Black "Mace,E"]
[Result "0-1"]
[WhiteElo "1734"]
[BlackElo "1955"]

1.c4 b6 2.Nf3 Bb7 3.e3 Nf6 4.Nc3 e6 5.d4 d5 6.a3 Be7 7.Be2 O-O 8.O-O Nbd7
9.cxd5 Nxd5 10.Nxd5 Bxd5 11.Bd2 Bf6 12.Bc3 c5 13.Ne5 cxd4 14.Nxd7 dxc3 15.Nxf6+ Qxf6
16.bxc3 Qxc3 17.Bf3 Rfd8 18.Bxd5 Rxd5 19.Qf3 Rad8 20.Rfc1 Qe5 21.g3 g6 22.Ra2 b5
23.Qe2 a5 24.Rac2 Kg7 25.Qe1 Qe4 26.Qe2 Rd3 27.Ra1 Qe5 28.Rac1 Qe4 29.Rb2 R8d5
30.Qc2 Qf3 31.Rf1 Rxa3 32.Rb3 Rxb3 33.Qxb3 b4 34.Qc2 Qf5 35.e4 Rc5 36.Qe2 Qe5
37.f4 Qd4+ 38.Kg2 Rc3 39.Rd1 Qe3  0-1

[Event "It"]
[Site "Kemerovo RUS"]
[Date "2007.08.08"]
[Round "4"]
[White "Malina,D"]
[Black "Mikhailov,V"]
[Result "1/2-1/2"]
[WhiteElo "2242"]
[BlackElo "1747"]

1.c4 b6 2.Nc3 c5 3.Nf3 Bb7 4.e4 d6 5.d4 cxd4 6.Nxd4 Nf6 7.Bd3 g6 8.O-O Bg7
9.Be3 O-O 10.f3 Nbd7 11.Rc1 Rc8 12.Be2 a6 13.Qd2 Re8 14.Rfd1 Qc7 15.Nd5 Qb8
16.b4 e6 17.Nxf6+ Nxf6 18.Nb3 d5 19.e5 Nd7 20.f4 f6 21.cxd5 Bxd5 22.Rxc8 Qxc8
23.exf6 Nxf6 24.Rc1 Qb7 25.Bf1 Ne4 26.Qd3 b5 27.Nc5 Nxc5 28.bxc5 Qc6 29.a3 e5
30.fxe5 Bxe5 31.Bd4 Bf4 32.Rd1 Rd8 33.Bf2 Bc7 34.Qe3 Qf6 35.Bg3 Qe6 36.Qxe6+ Bxe6
37.Rxd8+ Bxd8 38.Be5 Kf7 39.Kf2 Be7 40.Bd4 Bd5 41.g3 Ke8 42.Bh3 Kd8 43.Ke3 Kc7
44.Kf4 Kc6 45.Ke5 Bxc5 46.Bd7+ Kxd7 47.Bxc5 Kc6 48.Bb4 h5 49.h4 Bf3 50.Kd4 Kb6
51.Be7 Ka5 52.Kc3 Kb6 53.Kb4 a5+ 54.Kc3 Kc7 55.Bf6 Kd7 56.Bg5 Ke6 57.Bd8 a4
58.Kb4 Be2 59.Bc7 Kd7  1/2-1/2

[Event "Scandinavian Chess Tournament"]
[Site "Taby SWE"]
[Date "2007.08.08"]
[Round "7"]
[White "Carnstam,T"]
[Black "Poley,V"]
[Result "0-1"]
[WhiteElo "2091"]
[BlackElo "2326"]

1.c4 b6 2.Nc3 Bb7 3.d4 e6 4.e4 Bb4 5.f3 Bxc3+ 6.bxc3 d6 7.Be3 Qf6 8.Qd2 c5
9.Bg5 Qg6 10.dxc5 f6 11.Be3 dxc5 12.O-O-O Ne7 13.Qd8+ Kf7 14.Qxh8 Nbc6 15.Qxa8 Bxa8
16.Ne2 e5 17.g4 h5 18.h3 h4 19.Ng1 Na5 20.Rh2 Bc6 21.Rd6 Nb7 22.Rdd2 Nc8
23.g5 Ncd6 24.gxf6 gxf6 25.Rhg2 Qh7 26.Bf2 Bd7 27.f4 exf4 28.Bd3 Qh5 29.e5 Qxe5
30.Bg6+ Kf8 31.Rd3 Bc6 32.Rg4 f5 33.Rxh4 Be4 34.Nf3 Qf6 35.Ng5 Qxg5 36.Rh8+ Kg7  0-1

[Event "1st Serbian League Men"]
[Site "Zlatibor SRB"]
[Date "2007.08.20"]
[Round "9"]
[White "Iordachescu,V"]
[Black "Aleksic,Nen1"]
[Result "1/2-1/2"]
[WhiteElo "2584"]
[BlackElo "2374"]

1.c4 b6 2.d4 e6 3.Nf3 Nf6 4.g3 Bb7 5.Bg2 Be7 6.O-O O-O 7.Re1 Qc8 8.Bg5 h6
9.Bxf6 Bxf6 10.e4 d6 11.Nc3 c5 12.d5 e5 13.h4 Qd8 14.Bh3 Bc8 15.Bxc8 Qxc8
16.Kg2 Nd7 17.h5 Be7 18.Qe2 a6 19.Rh1 Qe8 20.Qd3 Rb8 21.a4 Bd8 22.b3 Rb7
23.Rh3 Nb8 24.Ra2 Qd7 25.Nd1 f5 26.exf5 Rxf5 27.Nd2 a5 28.Ne4 Be7 29.f3 Na6
30.Rf2 Nb4 31.Qe2 Rb8 32.Ne3 Rf7 33.Rh1 Rbf8 34.Rhf1 Bg5 35.Ng4 Rf5 36.Rh1 Qe7
37.Rh3 Kh8 38.Nh2 Qd8 39.Nf1 R5f7 40.Rh1 Qe7 41.Nh2 Qd8 42.Rhf1 Qe7 43.Ng4 Rf5
44.Rh1 Qd8 45.Nh2 Qe7 46.Rff1 R5f7 47.Ng4 Rf5 48.Rf2 Qd8 49.Ne3 Bxe3 50.Qxe3 Qe7
51.Rh4 Na6 52.f4 Nc7 53.fxe5 Qxe5 54.Rhf4 Ne8 55.Rxf5 Rxf5 56.Rxf5 Qxf5 57.Qf3 Qe5
58.Kh3 Kg8 59.Qg4 Kf8 60.Qg6 Ke7 61.Kg4 Nf6+ 62.Nxf6 Qe2+ 63.Kh4 Qh2+ 64.Kg4 Qe2+
65.Kh4 Qh2+  1/2-1/2

[Event "4th LGA Premium Cup"]
[Site "Nuernberg GER"]
[Date "2007.09.07"]
[Round "2"]
[White "Loew,G"]
[Black "Meier,Geo"]
[Result "1-0"]
[WhiteElo "2255"]
[BlackElo "2546"]

1.c4 b6 2.Nc3 Bb7 3.e4 e6 4.Nf3 c5 5.d4 cxd4 6.Nxd4 Nf6 7.Bd3 d6 8.O-O Nbd7
9.Qe2 Be7 10.Kh1 h5 11.f4 h4 12.Bd2 a6 13.Rae1 Qc7 14.f5 e5 15.Nc2 Rc8 16.b4 Qd8
17.Rc1 Nh5 18.Qf3 Bg5 19.Bxg5 Qxg5 20.Ne2 Ndf6 21.Ne3 Ng3+ 22.Nxg3 hxg3 23.h3 Rh4
24.Nd5 Bxd5 25.exd5 e4 26.Rce1 Kf8 27.Bxe4 Rxc4 28.Bd3 Rc3 29.Re3 Rxh3+ 30.gxh3 g2+
31.Qxg2 Qxe3 32.Rf3 Rc1+ 33.Kh2 Qe5+ 34.Qg3 Qxd5 35.a4 Rc3 36.Be2 Nh5 37.Qf2 Qe5+
38.Kg1 Rc2 39.Qe3 Qxe3+ 40.Rxe3  1-0

[Event "17th Senior WCh"]
[Site "Gmunden AUT"]
[Date "2007.09.25"]
[Round "8"]
[White "Arkhangelsky,B"]
[Black "Feller,J"]
[Result "1-0"]
[WhiteElo "2355"]
[BlackElo "2169"]

1.c4 b6 2.d4 Bb7 3.Nc3 e6 4.a3 f5 5.d5 Be7 6.g3 Nf6 7.Bg2 O-O 8.Nf3 a5 9.O-O Na6
10.b3 Nc5 11.Bb2 Nce4 12.dxe6 dxe6 13.Nb5 Qc8 14.Qc2 Nd6 15.Ne5 Bxg2 16.Kxg2 Nxb5
17.cxb5 Bd6 18.Kg1 Qe8 19.Qc6 Qh5 20.Qf3 Qh3 21.Nc4 Ng4 22.Qg2 Qh5 23.h3 Nh6
24.e3 f4 25.gxf4 g6 26.a4 Rad8 27.Rad1 Bc5 28.Rxd8 Rxd8 29.Qg5 Qxg5+ 30.fxg5 Nf7
31.Bf6 Rd3 32.Rc1 Rxb3 33.Nxa5 Rxe3 34.Nb7 Ra3 35.Nxc5 bxc5 36.Rxc5 Rxa4
37.Rxc7 Ra8 38.Rc6 Rb8 39.Rxe6 h6 40.b6 Nxg5 41.Bxg5 hxg5 42.Rxg6+ Kf7 43.Rc6 Rg8
44.Rc1 Rb8 45.Rb1 Rb7 46.Kg2 Kg6 47.Kg3 Kf6 48.Kg4 Kg6 49.Rb5 Kh6 50.f3  1-0

[Event "Open"]
[Site "Miami USA"]
[Date "2007.09.27"]
[Round "2"]
[White "Campiz,L"]
[Black "Bick,J"]
[Result "1/2-1/2"]
[WhiteElo "2131"]
[BlackElo "2217"]

1.c4 b6 2.Nc3 Bb7 3.e4 e6 4.Nf3 Bb4 5.d3 Ne7 6.a3 Bxc3+ 7.bxc3 O-O 8.Be2 f5
9.e5 Ng6 10.d4 Nh4 11.Nxh4 Qxh4 12.Bf3 Nc6 13.Bxc6 Bxc6 14.O-O f4 15.f3 Rf5
16.Qe1 Qh5 17.Ra2 Raf8 18.Qf2 Rg5 19.Bd2 Rg6 20.Kh1 Rf5 21.Be1 Rh6 22.h3 g5
23.Kg1 Qf7 24.Qc2 Rg6 25.Qd3 h5 26.Rd2 Bb7 27.d5 Rxe5 28.dxe6 Rgxe6 29.Bf2 d6
30.Bd4 Rf5 31.Re2 Ba6 32.Rxe6 Qxe6 33.Qd2 Bxc4 34.Re1 Qd7 35.Qc2 c5 36.Bf2 d5
37.Re8+ Kg7 38.Qb1 Qxe8 39.Qxf5 Qg6 40.Qd7+ Qf7 41.Qd8 Qf6 42.Qd7+ Qf7 43.Qd8 Qf6
44.Qd7+ Kg6 45.Qxa7 h4 46.a4 d4 47.cxd4 cxd4 48.Qd7 d3 49.Bd4 Qf7 50.Qd8 d2
51.Bc3 Qd5 52.Qf6+ Kh5 53.Qh8+ Kg6 54.Qf6+  1/2-1/2

[Event "17th Senior WCh"]
[Site "Gmunden AUT"]
[Date "2007.09.28"]
[Round "11"]
[White "Titz,Hei"]
[Black "Spassov,L"]
[Result "0-1"]
[WhiteElo "2236"]
[BlackElo "2383"]

1.c4 b6 2.Nc3 Bb7 3.d4 e6 4.a3 f5 5.Nf3 Nf6 6.Bg5 h6 7.Bxf6 Qxf6 8.e3 g6
9.Bd3 Bg7 10.O-O O-O 11.Rc1 Nc6 12.Qe2 g5 13.Nd2 Ne7 14.b4 d6 15.Nb3 e5 16.dxe5 Qxe5
17.Nd4 c5 18.Nf3 Qf6 19.Rfd1 g4 20.Ne1 h5 21.Bb1 Rad8 22.Nd3 Ng6 23.Qc2 Bh6
24.Nd5 Bxd5 25.cxd5 h4 26.g3 Rd7 27.Qc3 Qe7 28.Ba2 Kh7 29.Bc4 Rc7 30.bxc5 bxc5
31.Ne1 Ne5 32.Rb1 Kg6 33.Be2 Qh7 34.f4 gxf3 35.Nxf3 Nxf3+ 36.Bxf3 Re7 37.Re1 Rfe8
38.e4 fxe4 39.Qc2 Kf6 40.Qb2+ Kg5 41.Qc1+ e3 42.Kg2 Qd3 43.Re2 Bg7 44.a4 Rf8
45.Qc2 Qxc2 46.Rxc2 Ref7 47.Rf1 a5 48.Re2 Bd4 49.Rc2 Rb7 50.Be2 Rxf1 51.Bxf1 Rb1
52.Be2 Kf6 53.Kf3 Ke5 54.Bc4 Rb4 55.g4 Rxa4 56.Bb5 Rb4 57.Bc6 Rb1 58.Ra2 Rf1+  0-1

[Event "27th Open"]
[Site "Munich GER"]
[Date "2007.09.29"]
[Round "1"]
[White "Zohr,A"]
[Black "Wohl,A"]
[Result "0-1"]
[WhiteElo "2098"]
[BlackElo "2423"]

1.c4 b6 2.Nc3 Bb7 3.e4 e6 4.d4 Bb4 5.Bd3 f5 6.d5 fxe4 7.Bxe4 Nf6 8.Bg5 exd5
9.Bxf6 Qxf6 10.Bxd5 Bxc3+ 11.bxc3 Qxc3+ 12.Kf1 Bxd5 13.cxd5 O-O 14.Rc1 Qf6
15.Nf3 Na6 16.Qd4 Qxd4 17.Nxd4 Rf4 18.Ne2 Ra4 19.Nc3 Rc4 20.Ke2 Re8+ 21.Kd3 Rf4
22.f3 Nb4+  0-1

[Event "Open"]
[Site "Winterthur SUI"]
[Date "2007.10.12"]
[Round "8"]
[White "Trachsel,P"]
[Black "Bosshard,R"]
[Result "0-1"]
[WhiteElo "2015"]
[BlackElo "1866"]

1.c4 b6 2.Nf3 Bb7 3.g3 Bxf3 4.exf3 c5 5.d4 cxd4 6.Qxd4 Nc6 7.Qd1 g6 8.Bg2 Bg7
9.Na3 Nf6 10.O-O O-O 11.f4 Rc8 12.Be3 d6 13.Rc1 Nd7 14.Bxc6 Rxc6 15.Qe2 Nc5
16.Nb5 Qd7 17.b3 Rcc8 18.Rcd1 a6 19.Nd4 Ne4 20.Qd3 Qb7 21.f3 Nf6 22.Qe2 d5
23.cxd5 Nxd5 24.Qf2 Rc3 25.Bc1 Rfc8 26.Bb2 Ne3 27.Bxc3 Rxc3 28.Ne2 Nxd1 29.Rxd1 Rxf3
30.Rd8+ Bf8 31.Qd4 f6 32.Qd5+ Qxd5 33.Rxd5 e6 34.Rd8 Kg7 35.Rd7+ Kh6 36.Kg2 Re3
37.Rd2 Bc5 38.Rc2 e5 39.fxe5 fxe5 40.Ng1 e4 41.Ne2 g5 42.g4 Kg6 43.Ng3 Re1
44.Re2 Rxe2+ 45.Nxe2 Kf6 46.h3 Ke5 47.Kg3 Kd5 48.Kg2 a5 49.Kg3 h6 50.Kg2 Bb4
51.Kf2 Bd2 52.Ng3 Kd4 53.Ke2 Bf4 54.Nf5+ Kc3 55.Ne7 Kb2 56.Nd5 Kxa2 57.b4 axb4
58.Nxb4+ Kb3 59.Nd5 b5 60.Nf6 Kc2 61.Nxe4 b4  0-1

[Event "Lendas do Xadrez"]
[Site "Rio de Janeiro BRA"]
[Date "2007.10.14"]
[Round "6"]
[White "Fontes,C1"]
[Black "Dos Santos,B"]
[Result "1-0"]
[WhiteElo "2209"]
[BlackElo "2031"]

1.c4 b6 2.Nf3 e6 3.g3 Bb7 4.Bg2 Nf6 5.O-O Be7 6.Nc3 d6 7.d3 Nbd7 8.e4 a5
9.a3 Nc5 10.b3 Nfd7 11.Rb1 Ne5 12.Ne1 Ng6 13.d4 Nd7 14.Nc2 O-O 15.Re1 e5
16.dxe5 dxe5 17.Nd5 Bxd5 18.cxd5 Nf6 19.Ne3 Ne8 20.Bb2 Bd6 21.Rc1 Ne7 22.Bh3 g6
23.Nc4 f6 24.Qd3 h5 25.Rc2 g5 26.Rec1 Ra7 27.Be6+ Kh7 28.Qe2 Ng7 29.Ne3 Kh6
30.Bh3 Rh8 31.Qd2 Ng6 32.Be6 Bc5 33.Rxc5 bxc5 34.h4 Nxe6 35.Nf5+ Kh7 36.hxg5 Nxg5
37.Qe2 Kg8 38.Rxc5 h4 39.Qc4 hxg3 40.fxg3 Rh7 41.Bc3 Nf3+ 42.Kf2 Ng5 43.Bxa5 Rxa5
44.Rxa5 Rh2+ 45.Ke3 Nh3 46.Qc6  1-0

[Event "TCh-ROU Superliga"]
[Site "Predeal ROU"]
[Date "2007.10.20"]
[Round "8"]
[White "Doncea,V"]
[Black "Szabo,G ROM"]
[Result "1-0"]
[WhiteElo "2451"]
[BlackElo "2518"]

1.c4 b6 2.b3 Bb7 3.Bb2 e6 4.e3 f5 5.Nf3 Nf6 6.Be2 Be7 7.O-O O-O 8.d4 Qe8
9.Ne5 d6 10.Bf3 Ne4 11.Nd3 Nd7 12.Nc3 Bf6 13.Nf4 g5 14.Nxe4 fxe4 15.Bh5 Qe7
16.Qg4 e5 17.Ne6 exd4 18.exd4 c5 19.Nxf8 Rxf8 20.Rad1 Bg7 21.Qh3 cxd4 22.Bg4 Ne5
23.Bxd4 Rf4 24.Bc8 g4 25.Qg3 Rf3 26.gxf3 Bxc8 27.Bxe5 Bxe5 28.f4 Bf6 29.f5 Be5
30.Qxg4+ Kf8 31.f6 Bxg4 32.fxe7+ Kxe7 33.Rd5 Ke6 34.Rfd1 Bf4 35.Re1 Bf3 36.Rd3 Kf6
37.Rxf3 exf3 38.Re4 Bg5 39.Rd4  1-0

[Event "TCh-BEL 2007-8"]
[Site "Belgium BEL"]
[Date "2007.11.18"]
[Round "4"]
[White "Knoppert,E"]
[Black "Tereick,B"]
[Result "0-1"]
[WhiteElo "2330"]
[BlackElo "2373"]

1.c4 b6 2.d4 Bb7 3.Nc3 e6 4.a3 f5 5.Nf3 Nf6 6.g3 Be7 7.Bg2 O-O 8.O-O Ne4
9.Nxe4 Bxe4 10.d5 Bf6 11.Nd4 Bxg2 12.Kxg2 Qe7 13.dxe6 dxe6 14.Nxf5 Qc5 15.Ne3 a5
16.Qa4 h5 17.Rd1 Nc6 18.Qc2 Nd4 19.Qe4 Qe5 20.Qxe5 Bxe5 21.Kf1 Nb3 22.Rb1 Rad8
23.Ke1 Bd4 24.Bd2 c6 25.Bc3 e5 26.Bxd4 exd4 27.Ng2 Rde8 28.h4 Rf5 29.Kf1 a4
30.Rd3 Rc5 31.e3 Rxc4 32.exd4 Rc2 33.Kg1 Ree2 34.Ne3 Rxb2 35.Rxb2 Rxb2 36.d5 Nc5
37.d6 Nd7 38.Rd4 b5 39.Re4 Rd2 40.Re8+ Nf8 41.Nf5 g6 42.Ne7+ Kf7 43.Rc8 b4
44.axb4 a3 45.Ra8 a2 46.Kg2 Rxd6 47.Nxc6 Rxc6 48.Rxa2 Rb6 49.Rb2 Ne6 50.Kf3 Nd4+
51.Kf4 Nc6 52.b5 Nd4 53.Kg5 Ne6+ 54.Kh6 Rb8 55.Kh7 Rg8  0-1

[Event "Open"]
[Site "Ascona SUI"]
[Date "2007.12.03"]
[Round "1"]
[White "Cabello Fernandez,E"]
[Black "Chatalbashev,B"]
[Result "0-1"]
[WhiteElo "2136"]
[BlackElo "2581"]

1.c4 b6 2.Nc3 Bb7 3.e4 e6 4.g3 c5 5.Bg2 Nc6 6.Nge2 Nf6 7.O-O Be7 8.d4 cxd4
9.Nxd4 O-O 10.e5 Ne8 11.Nxc6 Bxc6 12.Bxc6 dxc6 13.Qxd8 Rxd8 14.Be3 f6 15.a4 fxe5
16.a5 Rb8 17.axb6 axb6 18.Ra7 Bb4 19.Ne4 Nf6 20.Nxf6+ gxf6 21.Rd1 Rf7 22.Rxf7 Kxf7
23.Rd7+ Be7 24.b4 Ke8 25.Rc7 Bxb4 26.Rxc6 Kd7 27.Rxb6 Rxb6 28.Bxb6 Kc6 29.Be3 Bc5
30.Bd2 f5 31.Kf1 e4 32.Ke2 h5 33.f3 exf3+ 34.Kxf3 Bd6 35.Be3 e5 36.h3 e4+
37.Kg2 Bc5 38.Bf4 Bb6 39.Be5 Be3 40.Bb8 Kd7 41.g4 hxg4 42.hxg4 f4 43.Kh3 f3
44.Kg3 Kc6 45.Be5 Kc5 46.Bf6 Kxc4 47.g5 Kd3 48.g6 f2 49.Kg2 Ke2  0-1

[Event "TCh-HUN 2007-8"]
[Site "Budapest HUN"]
[Date "2007.12.16"]
[Round "5"]
[White "Farkas,Ti"]
[Black "Horvath,Jo1"]
[Result "1/2-1/2"]
[WhiteElo "2300"]
[BlackElo "2519"]

1.c4 b6 2.Nf3 Bb7 3.Nc3 e6 4.g3 Nf6 5.Bg2 Be7 6.O-O O-O 7.d4 Na6 8.Ne5 Bxg2
9.Kxg2 Qb8 10.Bf4 Qb7+ 11.Kg1 c6 12.Rc1 d6 13.Nf3 b5 14.cxb5 cxb5 15.Qd3 Rab8
16.Bg5 Nb4 17.Qd2 Nbd5 18.Nxd5 Qxd5 19.Bxf6 Bxf6 20.b3 Rfc8 21.Rxc8+ Rxc8
22.Rc1 Rxc1+ 23.Qxc1 g5 24.h3 Qe4 25.Qd2 h6 26.Qd3 Qxd3 27.exd3 d5 28.Kf1 Bd8
29.Ne1 Bb6 30.Nc2 f6 31.Ke2 Kf7 32.g4 Kg6 33.f3 h5 34.Kf1 h4 35.Ke2 Kf7 36.Na3 b4
37.Nc2 a5 38.Ke1 Ke7 39.Kf1 Kd6 40.Ke2 e5 41.Ke3 Ke6 42.Ke2 Ba7 43.Ke3 f5
44.Ke2 Bxd4 45.Nxd4+ exd4 46.Kf1 Ke5 47.Ke1  1/2-1/2

[Event "115th ch-NZL"]
[Site "Auckland NZL"]
[Date "2008.01.20"]
[Round "8"]
[White "Thornton,G"]
[Black "Dowden,A"]
[Result "1/2-1/2"]
[WhiteElo "2095"]
[BlackElo "2170"]

1.c4 b6 2.d4 e6 3.Nf3 Bb7 4.a3 g6 5.Nc3 Bg7 6.Bg5 Ne7 7.e4 h6 8.Bh4 d6 9.Be2 Nd7
10.O-O g5 11.Bg3 Ng6 12.Ne1 Qe7 13.c5 bxc5 14.Nb5 O-O 15.Nxc7 Bxd4 16.Nxa8 Bxa8
17.Nc2 e5 18.Nxd4 exd4 19.Bf3 Nge5  1/2-1/2